000 00557nam a2200205Ia 4500
003 BUBTL
008 151213s9999 xx 000 0 und d
082 _a346.0438/JHD
100 _aJhabvala, Noshirvan
_94003
245 _aDrafting Pleading Conveyancing & Professional Ethics
_cJhabvala
250 _a13th
260 _aMumbi
_bC.Jamnadas & Company
300 _a360p . :
_b21cm.
650 _aLaw
_94004
650 _aLaw
_94004
700 _aJhabvala
_94005
856 _k0
_l0
_yDownload
942 _2ddc
_cBK
999 _c2258
_d2258